000 00710nas a2200241 i 4500
001 967
003 ES-MaACL
005 20250217134010.0
008 950801d18591936xxu | | 1 ||ng d
022 _a0096-0187
080 _a73
245 0 4 _aThe Dental cosmos.
260 _aPhiladelphia :
_bS.S. White Dental Manufacturing Co,
_c1859-1936 (
_fPatterson and White)
300 _av :
_bgrab ;
_c24 cm.
310 _aMensual
362 0 _aVol. 1 (Aug. 1859) - Vol. 78 (Dec. 1936)
650 1 4 _aPatologĂ­a.
_915884
700 1 _aKirk, Edward C.,
_edir.
_9227564
700 1 _aAnthony, L. Pierce,
_edir.
_921888
852 _aES-MaACL
_jHem-131
866 0 _o1922-23,1925-31,1933.
999 _c967
_d967